Kera dengan sebentuk cincin

Bibliographic Details
Main Author: Amer Haji Matsom
Format: Book
Published: Kuala Lumpur : Vinpress , 1993
Series:Siri cerita teladan
Subjects:

MARC

LEADER 00000cam a2200000 7i4500
001 0000003787
002 000004084
005 20000330.0
020 |a 9678101610 
090 0 0 |a JF   |b AME 
100 0 |a Amer Haji Matsom 
245 1 0 |a Kera dengan sebentuk cincin   |c Amer Haji Matsom 
260 |a Kuala Lumpur :   |b Vinpress ,   |c 1993 
300 |a 32p. :   |b ill. ;   |c 18cm. 
490 0 |a Siri cerita teladan 
650 0 0 |a Children's stories 
999 |a 032306   |b BUKU   |c JUNIOR FICTION   |e PERPUSTAKAAN KOMUNITI PETALING JAYA